000 00849nam a2200265Ia 4500
003 OSt
005 20221007124233.0
006 a|||||r|||| 00| 0
007 ta
008 221006b |||||||| |||| 00| 0 eng d
020 _a9781429247580 (pbk)
024 _a125089
037 _b2192, 10/02/2011, Educational Book Agency (India)
_cTextbook
040 _aCDL
_cCDL
_beng
041 _2eng
_aeng
082 _aE5, Q0 Carc
100 _aJenkins Jerry
_9718741
245 0 _aWorkbook for organic chemistry:supplemental problems and solutions
260 _aNew
_bYork W H Freeman and Company
_c2010
300 _aix, 436p.
_ccm.
650 _a Organic chemistry
650 _aChemistry
942 _hE5, Q0 Carc
_cTB
_2CC
999 _c1213225
_d1213225